000 00617nam a2200217 i 4500
001 188410
003 ES-MaACL
005 20231219121536.0
008 180919s2016 sp |||| | spa d
020 _a978-84-9126-870-3
080 _a821.134.2-31"19"
100 1 _aMarín Feria, Emilio.
_9165510
245 1 3 _aEl secreto del limonero /
_cEmilio Marín Feria.
250 _a1ª ed.
260 _a[El Ejido] :
_bCírculo Rojo,
_c2016.
300 _a167 p. ;
_c21 cm.
504 _aNovela.
852 _aES-MaACL
_jA-14243
_9195540
_bR.151714
_cDEPO1
_dOlim: N-7243
942 _2udc
999 _c188410
_d188410